| 000 | 01008nmc a2200361 a 4500 | ||
|---|---|---|---|
| 003 | AR-BaBNM | ||
| 005 | 20251128205942.0 | ||
| 008 | 098019s1997 ||||||||||||||000 | spa|| | ||
| 040 | _cAR-BaBNM | ||
| 100 | 1 | _aEscobar, Froilán | |
| 245 | 1 | 0 |
_aLa vieja que vuela _bguía de trabajo para el profesor |
| 260 |
_aBuenos Aires _bSudamericana _c1997 |
||
| 300 | _a19 p. | ||
| 490 | 0 | _aSudamericana joven | |
| 500 | _aContiene referencias bibliográficas en p. 19 | ||
| 650 | 4 | _aLITERATURA LATINOAMERICANA | |
| 650 | 4 | _aTESTIMONIOS | |
| 650 | 4 | _aLITERATURA POPULAR | |
| 650 | 4 | _aCOSTUMBRES Y TRADICIONES | |
| 650 | 4 | _aCRITICA LITERARIA | |
| 650 | 4 | _aANALISIS LITERARIO | |
| 650 | 4 | _aACTIVIDADES DE APRENDIZAJE | |
| 650 | 4 | _aMATERIAL DIDACTICO | |
| 653 | _aNARRATIVA | ||
| 653 | _aINFLUENCIA CLASICA | ||
| 653 | _aLITERATURA CUBANA | ||
| 655 | _aLITERATURA | ||
| 700 | 1 | _aGonzález, María Inés | |
| 700 | 1 | _aGrosso, Marcela | |
| 800 | 0 | _aCanela | |
| 942 | _cBK | ||
| 998 | _cMARTIN | ||
| 999 |
_c13448 _d13448 |
||